Railway lyrics (Stray kids, Bangchan) - Statistics

General Stats
  • This quiz has been taken 45 times
  • The average score is 154 of 221
Answer Stats
Lyrics % Correct
A
100%
You
100%
And
96%
I
96%
On
96%
The
92%
My
88%
Me
83%
About
79%
Don't
79%
Go
79%
It
79%
No
79%
Train
79%
Every
75%
Eyes
75%
For
75%
Got
75%
Heart
75%
It's
75%
Just
75%
Move
75%
Night
75%
Seat
75%
Single
75%
Take
75%
This
75%
Tunnel
75%
Vision
75%
We
75%
Yeah
75%
Baby
71%
Back
71%
Care
71%
Day
71%
Hold
71%
Is
71%
Never
71%
One
71%
Sleeps
71%
To
71%
Tracking
71%
We're
71%
Brace
67%
Casualties
67%
Keep
67%
Ticket
67%
Tight
67%
Trip
67%
As
63%
At
63%
En
63%
Enjoy
63%
Feel
63%
Let
63%
Line
63%
Racing
63%
Ride
63%
Screaming
63%
That
63%
That's
63%
When
63%
Yourself
63%
Break
58%
Loose
58%
More
58%
Only
58%
Please
58%
Says
58%
Sirens
58%
Staring
58%
Turning
58%
Us
58%
But
54%
Insane
54%
Saying
54%
Something's
54%
Somethings
54%
Warning
54%
Cause
50%
Heartbeats
50%
Long
50%
Now
50%
Our
50%
Railings
50%
Safe
50%
Shaking
50%
Them
50%
Trembling
50%
Trust
50%
Engines
46%
Fear
42%
Head
42%
Need
42%
Rough
42%
Doubt
38%
Rains
38%
Hm
33%
Lane
33%
Route
33%
Dead
29%
Breaks
25%
No matching quizzes found
Score Distribution
Percent of People with Each Score
Percentile by Number Answered
Your Score History
You have not taken this quiz